| Tag |
First Indicator |
Second Indicator |
Subfields |
| LEADER |
00000cam a2200000Ia 4500 |
| 001 |
in00001844729 |
| 005 |
20151026084708.0 |
| 008 |
040120s2004 nyua 001 0 eng d |
| 020 |
|
|
|a 0072231432
|
| 035 |
|
|
|a (OCoLC)ocm54057643
|
| 040 |
|
|
|a CGL
|c CGL
|d TXH
|d TXA
|d UtOrBLW
|
| 049 |
|
|
|a TXAM
|
| 090 |
|
|
|a T385
|b .S6224 2004
|
| 092 |
0 |
|
|a 006.686
|2 22
|
| 100 |
1 |
|
|a Smith, Colin,
|d 1966-
|
| 245 |
1 |
0 |
|a How to do everything with Photoshop CS /
|c Colin Smith.
|
| 246 |
3 |
0 |
|a Photoshop CS
|
| 264 |
|
1 |
|a New York, NY :
|b McGraw-Hill/Osborne,
|c [2004]
|
| 264 |
|
4 |
|c ©2004
|
| 300 |
|
|
|a xx, 393 pages :
|b color illustrations ;
|c 23 cm.
|
| 336 |
|
|
|a text
|b txt
|2 rdacontent
|
| 337 |
|
|
|a unmediated
|b n
|2 rdamedia
|
| 338 |
|
|
|a volume
|b nc
|2 rdacarrier
|
| 500 |
|
|
|a "Bonus section! Behind the scenes: a gallery with techniques from the pros"--Cover.
|
| 500 |
|
|
|a Includes index.
|
| 650 |
|
0 |
|a Computer graphics.
|
| 630 |
0 |
0 |
|a Adobe Photoshop.
|
| 948 |
|
|
|a cataloged
|b h
|c 2004/8/11
|d c
|e mphillip
|f 6:00:02 pm
|
| 994 |
|
|
|a E0
|b TXA
|
| 999 |
|
|
|a MARS
|
| 999 |
f |
f |
|s 020026e0-27e5-3bd8-b905-71f92d5eb0f4
|i 2e2652dc-740c-3857-b938-d2bf10c391ce
|t 0
|